LDR 01032naa#a2200217#i#450# 001 EN\\bibl\19317 005 20260418165147.6 100 ## _a20260417b2026####ek#y0engy0150####ca 102 ## _aRU 200 1# _aINTEGRATION OF AUTOMATED CONTROL SYSTEMS ON ACCIDENT-PRONE ROAD SECTIONS _eConference article/thesis 210 1# _aVoronezh _cFSBE Institution of Higher Education Voronezh State University of Forestry and Technologies named after G.F. Morozov _d2026 215 ## _a7 с. 608 ## _aConference article/thesis _2local 675 ## _a(Автомобили. Автомобилестроение). 629.113 _aОсновной капитал. Основные средства. Основные фонды. Капиталовложения. Иммобилизация. Использование денежных средств. 658.152 _z 700 #1 _aYarovenko _gA. A. 700 #1 _aZakurdaeva _gK. A. 700 #1 _aVnukova _gS. V. 700 #1 _aChernikov _gE. A. 700 #1 _aRazgonyaeva _gV. V. 700 #1 _aSpodarev _gR. A. 856 4# _abibl.vgltu.ru _u